00550nam a2200169Ia 4500008004100000020001800041050002800059100002100087245006700108250001200175260004000187300002100227500005100248521000800299650003500307650003800342140429s9999 xx 000 0 und d a9789381460085 aTX 911.3.F5b.P884 2013 aPrakash, Jayanti aHospitality revenue and finance management /cJayanti Prakash. a1st ed. aNew Delhi :bCentrum Press,cc2013. a248 p. :c23 cm. aIncludes bibliographical references and index. aTOU aHospitality industryxFinance. aHospitality industryxManagement.